<?xml version="1.0" encoding="UTF-8"?>
<collection xmlns="http://www.loc.gov/MARC21/slim">
 <record>
  <leader>01493nam a2200217Ia 4500</leader>
  <controlfield tag="001">TDMU_30697</controlfield>
  <controlfield tag="008">210410s9999    xx            000 0 und d</controlfield>
  <datafield tag="082" ind1=" " ind2=" ">
   <subfield code="a">089.95922</subfield>
  </datafield>
  <datafield tag="090" ind1=" " ind2=" ">
   <subfield code="b">L201</subfield>
  </datafield>
  <datafield tag="100" ind1=" " ind2=" ">
   <subfield code="a">Lee, Sun Sin</subfield>
  </datafield>
  <datafield tag="245" ind1=" " ind2="0">
   <subfield code="a">Nhật ký trong gian lao</subfield>
  </datafield>
  <datafield tag="245" ind1=" " ind2="0">
   <subfield code="c">Lee Sun Sin; No Seung Seok (dịch); Đào Thị Mỹ Khanh (chuyển ngữ)</subfield>
  </datafield>
  <datafield tag="260" ind1=" " ind2=" ">
   <subfield code="a">Tp. Hồ Chí Minh</subfield>
  </datafield>
  <datafield tag="260" ind1=" " ind2=" ">
   <subfield code="b">Văn hóa Văn nghệ Tp. Hồ Chí Minh</subfield>
  </datafield>
  <datafield tag="260" ind1=" " ind2=" ">
   <subfield code="c">2015</subfield>
  </datafield>
  <datafield tag="300" ind1=" " ind2=" ">
   <subfield code="a">537tr.</subfield>
  </datafield>
  <datafield tag="520" ind1=" " ind2=" ">
   <subfield code="a">Cuốn nhật ký của Trung vũ công (Đô đốc) Lee Sun Sin ghi chép suốt 7 năm, từ năm 1592 đến năm 1598, gồm những câu chuyện về gia đình, những mâu thuẫn giữa tướng và các thuộc hạ, kế hoạch tác chiến và những thay đổi cảm xúc của chính tảc giả về sự bất lực của triều đình Triều Tiên trước sự xâm lăng của Nhật Bản. Qua đó phản ánh tình hình chính trị, kinh tế, xã hội, quân sự của Triều Tiên cuối thế kỷ XVI</subfield>
  </datafield>
  <datafield tag="650" ind1=" " ind2=" ">
   <subfield code="a">Lịch sử Hàn Quốc</subfield>
   <subfield code="x">Triều nhà Yi</subfield>
   <subfield code="y">1392-1910; Lịch sử Triều Tiên</subfield>
   <subfield code="x">Triều Nhà Yi</subfield>
   <subfield code="x">Nhật Bản xâm lược</subfield>
   <subfield code="y">1392-1910</subfield>
  </datafield>
  <datafield tag="700" ind1=" " ind2=" ">
   <subfield code="a">No, Seung Seok</subfield>
  </datafield>
  <datafield tag="856" ind1=" " ind2=" ">
   <subfield code="u">http://lrc.tdmu.edu.vn/opac/search/detail.asp?aID=2&amp;ID=30697</subfield>
  </datafield>
  <datafield tag="980" ind1=" " ind2=" ">
   <subfield code="a">Trung tâm Học liệu Trường Đại học Thủ Dầu Một</subfield>
  </datafield>
 </record>
</collection>
